| 000 | 00534nam a2200193Ia 4500 | ||
|---|---|---|---|
| 003 | IIN | ||
| 005 | 20240125145533.0 | ||
| 008 | 231217s9999 xx 000 0 und d | ||
| 020 |
_cRs.250.00 _a9789382428336 |
||
| 040 |
_aIIN _bEnglish |
||
| 082 |
_a610.73677 _bROY |
||
| 100 | 1 | _aRoy Chowdhury, Sunanda S. | |
| 245 | 1 |
_aOperation Theater Nursing _cSunanda S. Roy Chowdhury |
|
| 260 |
_bKumar Publishing House _aDelhi _c2006 |
||
| 300 | _a311 p. | ||
| 650 | 1 |
_aMedical Surgical _vNursing |
|
| 650 | 1 | _aOperation Theater | |
| 942 | _cBOOK | ||
| 999 |
_c646 _d646 |
||